000 01877nam a22003017a 4500
008 240305t2024 xxk|||||o|||| 00| 0 eng d
041 _aeng
110 _aRoyal Institution of Chartered Surveyors
245 _aRICS Draft Professional Standard: Affordable housing developments - valuation considerations
_ba consultation
_h[Electronic resource]
260 _aLondon,
_bRoyal Institution of Chartered Surveyors,
_c28 February 2024
300 _a29p.
490 _aRICS Consultation
520 _aThe 2nd edition of ‘Valuation of land for affordable housing’ GN was published in 2016. The aim of the guidance is to assist practitioners in the approach to the valuation of affordable housing development land. This area of practice is highly regulated and subject to changes in government policy and programmes for the support of affordable housing in the public housing delivery sector through housing associations and others. The new 1st edition will be retitled to Affordable housing development – valuation considerations, and will supersede the 2nd edition published in 2016. Consultation opened 28 Feb 2024 closes 28 March 2024.
650 _aAFFORDABLE HOUSING
650 _aDISCOUNT MARKET SALES
650 _aGROSS DEVELOPMENT VALUE
650 _aRENT TO BUY
650 _aSHARED OWNERSHIP
650 _aSOCIAL HOUSING
650 _aTOWN AND COUNTRY PLANNING ACT 1990
650 _aVALUATION
651 _aEngland
690 _aValuation
_96273
710 _aRoyal Institution of Chartered Surveyors
856 _uhttps://consultations.rics.org/gf2.ti/f/1555202/199530501.1/DOCX/-/Affordable%20housing_for%20consultation%201.3.24.docx
_zView the consultation document on RICS.org
856 _uhttps://consultations.rics.org/afforablehousing/consultationHome
_zView the RICS iConsult homepage on affordable housing valuation
942 _n0
999 _c121817
_d121817